01322nam a22003137a 4500003000400000005001700004008004100021010001900062024001800081035001900099040001300118082001500131245014300146260005100289300005700340440003500397500007600432500008900508500002700597538011500624538012900739650001900868700001600887700001800903700002000921700002800941700002000969700001900989dpl20080911114410.0080911t xxu||||| |||| 00| 0 eng d aDVD-000750-752 2A3287c399.00 aDVD-000750-752 aDPLcDPL aDVD / NARN aThe Chronicles of Narnia :cWalt Disney Pictures and Walden Media Presentsh[videorecording] (DVD) /bThe Lion, The Witch and The Wardrobe bWalt Disney Pictures and Walden Media Presents a1 videodiscs (140 min.):bsd., col.;c4 3/4 in.fDVD aWalt Disney Home Entertainment aSole Distributor in India M/s Excel Productions Audio Visuals Pvt. Ltd. aBonus Features: The Bloopers of Narnia, Discover Narnia fun Facts Audio Commentaries aDVD is copy protectaed aDolby Digital 5.1-English, Thai and Hindi, Korean Subtitles- English, thai, Bahasha, Korean, Chinese and Malay aAspect Ratio:2.35.1, Presentation Type: Wide Screen, Presentation Size 16x9, Formation: DVD 9- Dual Layer Single sided Disc, 2Motion Picture aLewis, C.S. aJohnson, Mark aAdamson, Andrew aGregson-Williams, Harry aMussenden, Isis aJones, Simevan